000 00652nam a2200169 a 4500
008 120416s1995 ||||||||||||||||| || u
020 _a0706993470
050 _aQK 95 Sub
100 _aSubrahmanyam, N. S
245 1 0 _aModern plant taxonomy
260 _aNew Delhi
_bVikas
_c1995
350 _a0.00
650 _aPLANTS
650 _aPLANT TAXONOMY
995 _aBINDERY (DAMAGED)
_D0.00
_e728565
_FCBU-MAIN LIBRARY (Kitwe)
_H1
_I25.00
_jQK 95 Sub
_M2
_UDAMAGED
_y020095
_ZMain Library Open Access Collection
995 _aBINDERY (DAMAGED)
_D0.00
_e728564
_FCBU-MAIN LIBRARY (Kitwe)
_H2
_I25.00
_jQK 95 Sub
_M1
_UDAMAGED
_y020094
_ZMain Library Open Access Collection
999 _c77602
_d77602